书目信息 |
| 题名: |
植物纤维水解技术
|
|
| 作者: | 李淑君 主编 | |
| 分册: | ||
| 出版信息: | 北京 化学工业出版社 2009 |
|
| 页数: | 247页 | |
| 开本: | 24cm | |
| 丛书名: | ||
| 单 册: | ||
| 中图分类: | TQ353 | |
| 科图分类: | ||
| 主题词: | 植物纤维--水解 , 植物纤维 , 水解 | |
| 电子资源: | ||
| ISBN: | 978-7-122-04704-5 | |
| 000 | 00891nam0 2200253 45 | |
| 001 | 1033063187 | |
| 005 | 20100407100536.46 | |
| 010 | @a978-7-122-04704-5@dCNY49.00 | |
| 100 | @a20100401d2009 em y0chiy50 ea | |
| 101 | 0 | @achi |
| 102 | @aCN@b110000 | |
| 105 | @aa z 000yy | |
| 106 | @ar | |
| 200 | 1 | @a植物纤维水解技术@AZhi Wu Xian Wei Shui Jie Ji Shu@f李淑君主编@FLi Shu Jun Zhu Bian |
| 210 | @a北京@c化学工业出版社@d2009 | |
| 215 | @a247页@c图@d24cm | |
| 330 | @a本书主要介绍植物纤维原料水解工艺及理论知识。从植物纤维原料特征入手,重点阐述了水解工艺和稀酸水解理论基础,以及糠醛、酒精生产工艺和发展现状。还介绍了糠醇、木糖醇、饲料酵母、干冰等的生产工艺。 | |
| 606 | 0 | @a植物纤维@x水解 |
| 606 | 0 | @a植物纤维 |
| 606 | 0 | @a水解 |
| 690 | @aTQ353@v4 | |
| 701 | 0 | @a李淑君@ALi Shu Jun@c(女,@f1975.1~)@4主编 |
| 801 | 0 | @aCN@bTANGWEI@c20100407 |
| 905 | @b0587999-8003@dTQ353@e12@f5 | |
| 植物纤维水解技术/李淑君主编.-北京:化学工业出版社,2009 |
| 247页:图;24cm |
| ISBN 978-7-122-04704-5:CNY49.00 |
| 本书主要介绍植物纤维原料水解工艺及理论知识。从植物纤维原料特征入手,重点阐述了水解工艺和稀酸水解理论基础,以及糠醛、酒精生产工艺和发展现状。还介绍了糠醇、木糖醇、饲料酵母、干冰等的生产工艺。 |
| ● |
| 相关链接 |
|
|
|
|
正题名:植物纤维水解技术
索取号:TQ353/12
 
预约/预借
| 序号 | 登录号 | 条形码 | 馆藏地/架位号 | 状态 | 备注 |
| 1 | 0587999 | 205879995 | 第二样本阅览室/ [索取号:TQ353/12] | 在馆 | |
| 2 | 0588000 | 205880000 | 第三借阅区/ [索取号:TQ353/12] | 在馆 | |
| 3 | 0588001 | 205880019 | 第三借阅区/ [索取号:TQ353/12] | 在馆 | |
| 4 | 0588002 | 205880028 | 第三借阅区/ [索取号:TQ353/12] | 在馆 | |
| 5 | 0588003 | 205880037 | 第三借阅区/ [索取号:TQ353/12] | 在馆 |